[Event "Monteros op 7th"]
[Site "Monteros"]
[Date "2017.08.19"]
[Round "1"]
[White "Carmona, Esteban"]
[Black "Suarez, Mauricio Josue"]
[Result "0-1"]
[WhiteElo "1629"]
[BlackElo "2069"]
[PlyCount "70"]
[EventDate "2017.08.19"]
[EventType "swiss"]
[EventRounds "7"]
[EventCountry "ARG"]
[SourceTitle "EXT 2020"]
[Source "ChessBase"]
[SourceDate "2019.10.17"]
[SourceVersion "1"]
[SourceVersionDate "2019.10.17"]
[SourceQuality "1"]

1. d4 Nf6 2. c4 e6 3. Nf3 d5 4. Nc3 Be7 5. e3 0-0 6. Bd3 dxc4 7. Bxc4 a6 8. a4 c5 9. 0-0 Nc6 10. dxc5 Bxc5 11. Qe2 Qe7 12. Bd2 e5 13. e4 Bg4 14. Be3 Nd4 15. Bxd4 Bxd4 16. Nd5 Nxd5 17. Bxd5 Rab8 18. Rac1 Bxf3 19. gxf3 Rfd8 20. Kh1 Rd6 21. Rg1 Rh6 22. Rg2 Kh8 23. Rcg1 g6 24. Rg4 Rc8 25. f4 exf4 26. Qd2 Be5 27. f3 Kg7 28. Qd3 Rc5 29. Rg5 Bxb2 30. Qb3 Bf6 31. R5g4 Rc3 32. Qxb7 Qxb7 33. Bxb7 Bd4 34. Rd1 Bf2 35. e5 Bg3 0-1